000 00718nam a22002297a 4500
005 20170124110044.0
010 _aB-106904
020 _c195.00
_a9780195675917
035 _aB-106904
037 _bCen Lib/Ret
040 _aDPL
_bEN
082 _a731.76095454
_bDON
100 _aDonaldson, Thomas
_9101933
245 _aKonark /
_cby Thomas Donaldson
260 _aNew Delhi
_bOxford University Press
_c2005
270 _aYMCA Library Building, Jai Singh Road
_bNew Delhi
_e110001
300 _aviii,85p.
_c21cm(Hb)
_bill.
490 _aMonumental legacy
650 _aSun Temple (Konārak, India)
_9101934
650 _aHindu architecture
_9101935
942 _2ddc
_cEN
_h731.76095454
_mDON
999 _c128733
_d128733